| 000 -LEADER |
| fixed length control field |
01574nam a22001577a 4500 |
| 008 - FIXED-LENGTH DATA ELEMENTS--GENERAL INFORMATION |
| fixed length control field |
210817b ||||| |||| 00| 0 eng d |
| 100 ## - MAIN ENTRY--PERSONAL NAME |
| Personal name |
Bendz, Anna and Boholm, Asa |
| 245 ## - TITLE STATEMENT |
| Title |
Indispensable, yet invisible: Drinking water management as a local political issue in Swedish municipalities |
| 260 ## - PUBLICATION, DISTRIBUTION, ETC. (IMPRINT) |
| Place of publication, distribution, etc |
Local Government Studies |
| 300 ## - PHYSICAL DESCRIPTION |
| Extent |
46(5), Oct, 2020: p.800-819 |
| 520 ## - SUMMARY, ETC. |
| Summary, etc |
Local policy-makers’ incentives to address an issue is conditioned by how they perceive public attention. Our study focuses on drinking water management at the municipal level in Sweden. Provisioning and management of drinking water is a responsibility of the local governments. Interviews with local politicians and public administrators in seven municipalities reveal that local policy-makers think that citizens view provisioning of drinking water as a taken for granted service, and also lack knowledge of and interest in drinking water issues. Public attention is further seen as a double-edged sword since engagement in water issues often is a result of problems with water provision. The findings are discussed from a theoretical perspective of the role of agenda-setting in public policy. It is argued that the view of policy-makers of citizens as unengaged negatively affects the incentives to bring drinking water to a prominent place on the local policy agenda. – Reproduced |
| 650 ## - SUBJECT ADDED ENTRY--TOPICAL TERM |
| Topical term or geographic name as entry element |
Potable water, Local government, Policy agenda, Citizen engagement, Sweden |
| 9 (RLIN) |
26903 |
| 773 ## - HOST ITEM ENTRY |
| Main entry heading |
Local Government Studies |
| 906 ## - LOCAL DATA ELEMENT F, LDF (RLIN) |
| Subject DIP |
WATER MANAGEMENT |
| 942 ## - ADDED ENTRY ELEMENTS (KOHA) |
| Item type |
Articles |